Internet infrastructure : (Record no. 122074)
[ view plain ]
| 000 -LEADER | |
|---|---|
| fixed length control field | 00670cam a2200229 i 4500 |
| 001 - CONTROL NUMBER | |
| control field | 19866385 |
| 005 - DATE AND TIME OF LATEST TRANSACTION | |
| control field | 20210423161511.0 |
| 008 - FIXED-LENGTH DATA ELEMENTS--GENERAL INFORMATION | |
| fixed length control field | 170807s2018 flu b 001 0 eng |
| 020 ## - INTERNATIONAL STANDARD BOOK NUMBER | |
| International Standard Book Number | 9780367572792 |
| 040 ## - CATALOGING SOURCE | |
| Transcribing agency | PK-LaUMT |
| 082 00 - DEWEY DECIMAL CLASSIFICATION NUMBER | |
| Classification number | 004.678 |
| Edition number | 23 |
| Item number | FOX-I |
| 100 1# - MAIN ENTRY--PERSONAL NAME | |
| Personal name | Fox, Richard |
| 245 10 - TITLE STATEMENT | |
| Title | Internet infrastructure : |
| Remainder of title | networking, web services, and cloud computing / |
| Statement of responsibility, etc | by Richard Fox and Wei Hao |
| 260 ## - PUBLICATION, DISTRIBUTION, ETC. (IMPRINT) | |
| Place of publication, distribution, etc | Boca Raton : |
| Name of publisher, distributor, etc | CRC Press, |
| Date of publication, distribution, etc | 2020 |
| 300 ## - PHYSICAL DESCRIPTION | |
| Extent | xviii, 612 p. ; |
| Dimensions | 27 cm |
| 650 #0 - SUBJECT ADDED ENTRY--TOPICAL TERM | |
| Topical term or geographic name as entry element | Internet. |
| 650 #0 - SUBJECT ADDED ENTRY--TOPICAL TERM | |
| Topical term or geographic name as entry element | Internetworking (Telecommunication) |
| 650 #0 - SUBJECT ADDED ENTRY--TOPICAL TERM | |
| Topical term or geographic name as entry element | Web services. |
| 650 #0 - SUBJECT ADDED ENTRY--TOPICAL TERM | |
| Topical term or geographic name as entry element | Cloud computing. |
| 700 1# - ADDED ENTRY--PERSONAL NAME | |
| Personal name | Hao, Wei, |
| 942 ## - ADDED ENTRY ELEMENTS (KOHA) | |
| Koha item type | Books |
| Withdrawn status | Lost status | Damaged status | Home library | Current library | Date acquired | Full call number | Barcode | Date last seen | Price effective from | Koha item type |
|---|---|---|---|---|---|---|---|---|---|---|
| UMT Main Campus | UMT Main Campus | 2021-04-23 | 004.678 FOX-I | 137488 | 2021-04-23 | 2021-04-23 | Books |
